FIFA World Cup Hosts - Statistics

General Stats
  • This quiz has been taken 4,181 times
    4,180 since last reset
  • The average score is 20 of 22
Answer Stats
Hint Answer % Correct
1950 Brazil
99%
2014 Brazil
99%
2006 Germany
98%
1974 West Germany
98%
1938 France
97%
1998 France
97%
2018 Russia
97%
2010 South Africa
97%
1966 England
96%
1934 Italy
96%
1990 Italy
96%
2002 South Korea and Japan
96%
1994 United States
96%
2022 Qatar
95%
1978 Argentina
94%
1982 Spain
94%
1930 Uruguay
94%
1970 Mexico
92%
1986 Mexico
92%
1958 Sweden
81%
1962 Chile
76%
1954 Switzerland
70%
No matching quizzes found
Score Distribution
Percent of People with Each Score
Percentile by Number Answered
Your Score History
You have not taken this quiz since the last reset